Normal view
MARC view
- Brigham Young University
Entry Corporate Name
001 - CONTROL NUMBER
- control field: 4971
003 - CONTROL NUMBER IDENTIFIER
- control field: OSt
005 - DATE AND TIME OF LATEST TRANSACTION
- control field: 20200923132323.0
008 - FIXED-LENGTH DATA ELEMENTS
- fixed length control field: 200923|| aca||aabn | a|a d
040 ## - CATALOGING SOURCE
- Original cataloging agency: OSt
- Transcribing agency: OSt
110 ## - HEADING--CORPORATE NAME
- Corporate name or jurisdiction name as entry element: Brigham Young University
670 ## - SOURCE DATA FOUND
- Source citation: Work cat.: (OSt)0: Bergera, Gary James. 4970, Brigham Young University :, c1985.